000 00360pab a2200133 454500
008 180718b2004 xxu||||| |||| 00| 0 eng d
100 _aOtoole, Laurence J. Jr.
245 _aThe theory-practice issue in policy implementation research
260 _c2004
300 _ap.309-29.
650 _aPublic policy
773 _aPublic Administration
909 _a61204
999 _c61204
_d61204